000 00589nam a2200217Ia 4500
003 OSt
005 20220928135607.0
006 a|||||r|||| 00| 0
007 ta
008 220927b |||||||| |||| 00| 0 eng d
024 _a3521
037 _cTextual
040 _aSDCL
_cSDCL
_beng
041 _2eng
_aeng
082 _aO-,1M09,2:g, L3
100 _aRosenberg John D
_9491830
245 0 _aFall of camelot
_b A study of Tennyson's ''idylls of the king''
260 _c1973
942 _hO-,1M09,2:g, L3
_cTEXL
_2CC
999 _c807256
_d807256